000 01117nam a22002537a 4500
999 _c65462
_d65462
005 20240530110826.0
008 190805s2018 ua a f b 000 0dara d
017 _a2018/21171
_bمصر . دار الكتب
020 _a9789779120065
040 _aEG-CaGPL
082 0 4 _221
_a962.031
_bق / أ م
100 0 _aاحمد فريد على مصطفى
_eمؤلف
245 1 0 _aمصر والشام فى عصر محمد على وموقف الدول الاوروبية من المسالة المصرية ( 1831 - 1841 ) /
_cاحمد فريد على مصطفى
250 _aط.1
260 _aالقاهرة :
_bالهيئة المصرية العامة للكتاب،
_c2018
300 _a407 ص. :
_bايض. ؛
_c26 سم
490 1 _aتاريخ المصريين ؛
_v315
504 _aيشتمل على ارجاعات ببليوجرافية
651 0 7 _aمصر
_xتاريخ
651 0 7 _aمصر
_xتاريخ
_yالعصر الحديث
_yعصر محمد على
651 0 7 _aالشام
_xتاريخ
_yالعصر الحديث
_xالاحتلال
942 _2ddc
_cBK